[Event "26th Troya Open 2018"]
[Site "Canakkale"]
[Date "2018.08.08"]
[Round "5.17"]
[White "Istekli, Erdem"]
[Black "Koc, Azra Ece"]
[Result "1/2-1/2"]
[WhiteElo "1713"]
[BlackElo "1592"]
[Annotator "NA"]
[PlyCount "80"]
[EventDate "2018.08.06"]
[EventType "swiss"]
[EventCountry "TUR"]
[SourceTitle "playchess.com"]
[Source "ChessBase"]
[SourceQuality "1"]
[TimeControl "5400+30"]

1. e4 {[%emt 0:00:30]} c6 {[%emt 0:00:30]} 2. Nc3 {[%emt 0:00:30]} d5 {[%emt 0:00:30]} 3. Nf3 {[%emt 0:00:30]} dxe4 {[%emt 0:00:30]} 4. Nxe4 {[%emt 0:00:30]} Bf5 {[%emt 0:00:30]} 5. Ng3 {[%emt 0:00:30]} Bg6 {[%emt 0:00:30]} 6. h4 {[%emt 0:00:30]} h6 {[%emt 0:00:30]} 7. Ne5 {[%emt 0:04:30]} Qd6 {[%emt 0:10:30]} 8. d4 {[%emt 0:08:30]} Nd7 {[%emt 0:06:30]} 9. Nxg6 {[%emt 0:05:30]} Qxg6 {[%emt 0:00:30]} 10. Be3 {[%emt 0:07:30]} Qd6 {[%emt 0:09:30]} 11. Qd2 {[%emt 0:01:30]} Nb6 {[%emt 0:08:30]} 12. c4 {[%emt 0:24:30]} Qd8 {[%emt 0:07:30]} 13. Ne4 {[%emt 0:07:30]} e6 {[%emt 0:03:30]} 14. Be2 {[%emt 0:01:30]} Be7 {[%emt 0:02:30]} 15. h5 {[%emt 0:03:30]} Nf6 {[%emt 0:01:30]} 16. Nc3 {[%emt 0:01:30]} Rc8 {[%emt 0:06:30]} 17. O-O-O {[%emt 0:03:30]} Bb4 {[%emt 0:02:30]} 18. Qc2 {[%emt 0:01:30]} Qc7 {[%emt 0:01:30]} 19. Ne4 {[%emt 0:06:51]} Nbd7 {[%emt 0:03:30]} 20. a3 {[%emt 0:06:46]} Be7 {[%emt 0:00:30]} 21. Nc3 {[%emt 0:01:25]} a6 {[%emt 0:02:30]} 22. f4 {[%emt 0:05:06]} c5 {[%emt 0:01:30]} 23. d5 {[%emt 0:00:30]} exd5 {[%emt 0:00:30]} 24. Nxd5 {[%emt 0:00:30]} Nxd5 {[%emt 0:00:30]} 25. Rxd5 {[%emt 0:00:30]} Nf6 {[%emt 0:02:30]} 26. Rdd1 {[%emt 0:01:28]} Bd6 {[%emt 0:01:30]} 27. Qa4+ {[%emt 0:02:14]} Kf8 {[%emt 0:00:30]} 28. g3 {[%emt 0:00:48]} Re8 {[%emt 0:01:30]} 29. Qb3 {[%emt 0:00:49]} Ne4 {[%emt 0:01:30]} 30. Rhg1 {[%emt 0:01:35]} Nf6 {[%emt 0:04:30]} 31. Bf3 {[%emt 0:00:18]} b6 {[%emt 0:00:30]} 32. Qd3 {[%emt 0:00:59]} Rd8 {[%emt 0:00:30]} 33. Qf5 {[%emt 0:00:59]} Ng8 {[%emt 0:04:58]} 34. g4 {[%emt 0:01:17]} Ne7 {[%emt 0:00:53]} 35. Qe4 {[%emt 0:00:27]} Re8 {[%emt 0:01:19]} 36. Qb7 {[%emt 0:00:19]} Bxf4 {[%emt 0:00:33]} 37. Bxf4 {[%emt 0:00:51]} Qxf4+ {[%emt 0:00:06]} 38. Kb1 {[%emt 0:00:02]} Qxc4 {[%emt 0:03:13]} 39. Rd7 {[%emt 0:00:51]} Qe6 {[%emt 0:05:09]} 40. Rf1 {[%emt 0:00:25]} f6 {[%emt 0:01:05]} 1/2-1/2

[Event "26th Troya Open 2018"]
[Site "Canakkale"]
[Date "2018.08.08"]
[Round "5.19"]
[White "Ulupinar, Furkan"]
[Black "Gurses, Ayberk"]
[Result "1/2-1/2"]
[WhiteElo "1412"]
[BlackElo "1660"]
[Annotator "NA"]
[PlyCount "76"]
[EventDate "2018.08.06"]
[EventType "swiss"]
[EventCountry "TUR"]
[SourceTitle "playchess.com"]
[Source "ChessBase"]
[SourceQuality "1"]
[TimeControl "5400+30"]

1. e4 {[%emt 0:00:30]} c5 {[%emt 0:00:30]} 2. Nf3 {[%emt 0:00:30]} d6 {[%emt 0:00:30]} 3. c4 {[%emt 0:00:30]} e5 {[%emt 0:00:30]} 4. Nc3 {[%emt 0:00:30]} Nc6 {[%emt 0:00:30]} 5. Be2 {[%emt 0:00:30]} f5 {[%emt 0:00:30]} 6. d3 {[%emt 0:00:30]} g6 {[%emt 0:00:30]} 7. h4 {[%emt 0:00:30]} h6 {[%emt 0:00:30]} 8. Bd2 {[%emt 0:00:30]} Be6 {[%emt 0:00:30]} 9. Qc1 {[%emt 0:00:30]} Bg7 {[%emt 0:05:30]} 10. Nd5 {[%emt 0:11:30]} Nf6 {[%emt 0:02:30]} 11. Nxf6+ {[%emt 0:01:30]} Qxf6 {[%emt 0:01:30]} 12. Rb1 {[%emt 0:00:30]} f4 {[%emt 0:07:30]} 13. b4 {[%emt 0:02:30]} b6 {[%emt 0:06:30]} 14. b5 {[%emt 0:07:30]} Ne7 {[%emt 0:02:30]} 15. h5 {[%emt 0:06:30]} g5 {[%emt 0:03:30]} 16. Nh2 {[%emt 0:00:30]} Qf7 {[%emt 0:04:30]} 17. Qd1 {[%emt 0:06:30]} Ng8 {[%emt 0:01:30]} 18. Ng4 {[%emt 0:04:30]} Qd7 {[%emt 0:02:30]} 19. a4 {[%emt 0:00:30]} Nf6 {[%emt 0:02:30]} 20. f3 {[%emt 0:01:30]} O-O {[%emt 0:05:30]} 21. a5 {[%emt 0:00:30]} Bf7 {[%emt 0:01:30]} 22. Nxf6+ {[%emt 0:00:30]} Bxf6 {[%emt 0:00:30]} 23. Kf2 {[%emt 0:01:30]} Qe8 {[%emt 0:03:30]} 24. Rh3 {[%emt 0:00:30]} Bxh5 {[%emt 0:02:30]} 25. Qh1 {[%emt 0:00:30]} Bg6 {[%emt 0:02:30]} 26. Rxh6 {[%emt 0:00:30]} Kg7 {[%emt 0:00:00]} 27. Qh2 {[%emt 0:09:30]} Kg8 {[%emt 0:43:00]} 28. Qh1 {[%emt 0:00:30]} Kg7 {[%emt 0:00:30]} 29. Qh2 {[%emt 0:00:30]} Qd8 {[%emt 0:00:30]} 30. Rh1 {[%emt 0:00:30]} Rh8 {[%emt 0:00:00]} 31. Rxh8 {[%emt 0:02:30]} Qxh8 {[%emt 0:00:00]} 32. Qxh8+ {[%emt 0:00:00]} Rxh8 {[%emt 0:00:00]} 33. Ra1 {[%emt 0:01:00]} Bd8 {[%emt 0:00:00]} 34. axb6 {[%emt 0:01:30]} axb6 {[%emt 0:00:00]} 35. Ra7+ {[%emt 0:00:30]} Kf6 {[%emt 0:00:00]} 36. Bf1 {[%emt 0:02:30]} Ke6 {[%emt 0:00:00]} 37. g3 {[%emt 0:03:30]} Rh2+ {[%emt 0:00:00]} 38. Bg2 {[%emt 0:00:30]} Rh7 {[%emt 0:00:00]} 1/2-1/2

[Event "26th Troya Open 2018"]
[Site "Canakkale"]
[Date "2018.08.09"]
[Round "6.1"]
[White "Benidze, Davit"]
[Black "Darban, Morteza"]
[Result "1/2-1/2"]
[WhiteElo "2488"]
[BlackElo "2331"]
[Annotator "TA"]
[PlyCount "140"]
[EventDate "2018.08.06"]
[EventType "swiss"]
[EventCountry "TUR"]
[SourceTitle "playchess.com"]
[Source "ChessBase"]
[SourceQuality "1"]

{[%evp 17,140,3,0,0,0,0,5,-19,-20,-26,0,-9,-8,-7,-16,-20,-16,-19,-10,-14,-14,-116,-107,-151,-144,-132,-122,-111,-131,-129,-114,-201,-162,-165,-163,-153,-153,-161,-161,-152,-159,-256,-145,-151,-67,-107,-88,-108,-12,-67,-67,-67,-67,-67,-67,-68,-67,-67,-67,-75,-74,-68,-72,-74,-69,-85,-72,-81,-65,-88,-88,-99,-99,-95,-79,-85,-85,-85,-85,-79,-94,-93,-43,-62,0,0,0,-20,-20,-21,-21,-36,-36,-36,0,0,0,-36,-36,-52,-52,-52,-52,-52,-50,-44,0,0,0,0,0,-23,0,0,0,0,0,0,0,0,0,0,0,0,29989]} 1. Nf3 g6 2. g3 Bg7 3. Bg2 c5 4. O-O Nc6 5. c4 Nh6 6. Nc3 Nf5 7. b3 O-O 8. Bb2 d6 9. e3 Rb8 {LiveBook: 5 Games} 10. Qe2 {A37: Symmetrical English vs ...g6: 4 Bg2 Bg7 5 Nf3} (10. Qc1 a6 11. Nd5 e5 12. d3 b5 13. Nd2 Nfe7 14. Re1 Be6 15. Nxe7+ Nxe7 16. Ne4 f5 17. Nc3 b4 {½-½ (51) Meier,G (2654)-Khismatullin,D (2651) Berlin 2015}) 10... e6 11. Rac1 b6 $146 ({Predecessor:} 11... a6 12. d3 b6 13. Rfd1 Bb7 14. g4 Nh4 15. Nxh4 Qxh4 16. f4 Ne7 17. Bxb7 Rxb7 {½-½ (27) Oswald,H (2330)-Hennig,D (2435) Germany 1998}) 12. Rfd1 Bb7 13. h3 Qe7 14. d3 Ne5 15. Ne1 Bxg2 16. Nxg2 Nc6 17. Nf4 Rb7 18. Ne4 Be5 19. b4 (19. Rb1 $11) 19... Nxb4 $17 20. g4 Ng7 (20... Nxa2 21. Ra1 $11) 21. g5 Ne8 22. d4 cxd4 23. Bxd4 Bxd4 24. Rxd4 (24. exd4 $17 d5 25. cxd5) 24... e5 25. Nd5 Nxd5 26. Rxd5 f5 27. gxf6 Nxf6 28. Nxf6+ Qxf6 29. Rcd1 (29. Rf1 $17) 29... Rbf7 (29... Qh4 $1 $19 {Strongly threatening ...Rbf7.} 30. Qf1 Rbf7) 30. R1d2 Qf5 (30... Qe7 $17 31. Qg4 Rf5) 31. Qf1 Qe4 32. Qg2 Qxg2+ (32... Qxc4 {seems wilder.} 33. Rxd6 Qc1+ 34. Qf1 Qc8 35. Qg2 Kg7) 33. Kxg2 {[%mdl 4096] Endgame KRR-KRR} Rc8 34. Rxd6 Rxc4 35. Rd8+ Kg7 $1 36. R8d7 Ra4 37. R7d6 Rc7 38. Kf3 Kh6 39. R6d5 Re7 40. Kg3 Kg5 41. Rd6 Ra3 42. Rc6 Kf5 43. Kf3 Ra4 44. Rcd6 Rc7 45. Rd8 Ke6 46. R8d6+ Ke7 47. R6d5 Kf6 48. Rd6+ Kg5 49. Kg3 Rac4 50. R2d5 R4c5 (50... Re7 $15) 51. f4+ $11 Kh6 52. fxe5 Rxd5 53. Rxd5 {KR-KR} Kg5 54. e4 Rc3+ 55. Kg2 Rc7 56. Kg3 Rc3+ 57. Kg2 Kf4 58. e6 Rc6 (58... Kxe4 $2 59. e7 $18) 59. e7 Re6 $1 {[%cal Re6e7]} 60. Rd7 a5 61. Kf2 g5 (61... Kxe4 $2 62. Rd1 $18) 62. a4 h6 {[%cal Bh7h6,Bh6h5,Bh5h4,Bh4h3][%mdl 32]} 63. Rb7 h5 64. Rd7 h4 (64... Kxe4 $2 65. Rd2 $18) 65. Rc7 {The position is equal.} g4 ({Don't blunder} 65... Kxe4 $2 66. Rc1 $18) 66. hxg4 Kxg4 67. Kg2 h3+ ({Wrong is} 67... Rxe4 $2 68. Rc4 $1 $18 {[%mdl 512]}) 68. Kh2 Kf3 ({But not} 68... Rxe4 $6 {[#]} 69. Rc4 $1 $16 {[%mdl 512]}) 69. Rb7 Kxe4 70. Rxb6 Ke5 $2 {[%mdl 40960] Precision: White = 66%, Black = 57%. . An unexpected result.} (70... Rxe7 $11 71. Kxh3 Re5) 1/2-1/2

[Event "26th Troya Open 2018"]
[Site "Canakkale"]
[Date "2018.08.08"]
[Round "6.2"]
[White "Arat, Ufuk Sezen"]
[Black "Eminov, Orkhan"]
[Result "*"]
[WhiteElo "2386"]
[BlackElo "2272"]
[Annotator "TA"]
[PlyCount "32"]
[EventDate "2018.08.06"]
[EventType "swiss"]
[EventCountry "TUR"]
[SourceTitle "playchess.com"]
[Source "ChessBase"]
[SourceQuality "1"]

{[%evp 10,11,29,20]} 1. d4 Nf6 2. Nf3 g6 3. c4 Bg7 4. g3 O-O 5. Bg2 d6 6. O-O {Predecessor:} c6 $146 7. Nc3 Bf5 8. Nd2 e5 9. d5 Qc8 10. e4 Bg4 11. f3 Bd7 12. Nb3 a5 13. a4 Na6 14. Be3 Nb4 15. Rf2 Qd8 16. dxc6 Bxc6 {0-1 (40) Ding,L (2791)-Caruana,F (2822) Stavanger 2018} *

[Event "26th Troya Open 2018"]
[Site "Canakkale"]
[Date "2018.08.09"]
[Round "6.2"]
[White "Arat, Ufuk Sezen"]
[Black "Eminov, Orkhan"]
[Result "0-1"]
[WhiteElo "2386"]
[BlackElo "2272"]
[Annotator "NA"]
[PlyCount "83"]
[EventDate "2018.08.06"]
[EventType "swiss"]
[EventCountry "TUR"]
[SourceTitle "playchess.com"]
[Source "ChessBase"]
[SourceQuality "1"]
[TimeControl "5400+30"]

1. d4 Nf6 2. Nf3 g6 3. c4 Bg7 4. g3 O-O 5. Bg2 d6 6. O-O {[%emt 0:44:00] [%clk 0:48]} Nc6 {[%emt 0:55:00]} ({Predecessor:} 6... c6 $146 7. Nc3 Bf5 8. Nd2 e5 9. d5 Qc8 10. e4 Bg4 11. f3 Bd7 12. Nb3 a5 13. a4 Na6 14. Be3 Nb4 15. Rf2 Qd8 16. dxc6 Bxc6 {0-1 (40) Ding,L (2791)-Caruana,F (2822) Stavanger 2018}) 7. Nc3 {[%emt 0:01:30]} a6 {[%emt 0:00:30]} 8. Qd3 {[%emt 0:00:30]} Bf5 {[%emt 0:00:30]} 9. e4 {[%emt 0:00:30]} Bg4 {[%emt 0:00:30]} 10. Be3 {[%emt 0:00:30]} Nd7 {[%emt 0:00:30]} 11. h3 {[%emt 0:00:30]} Bxf3 {[%emt 0:00:30]} 12. Bxf3 {[%emt 0:00:30]} e5 {[%emt 0:00:30]} 13. d5 {[%emt 0:00:30]} Nd4 {[%emt 0:00:30]} 14. Bg2 {[%emt 0:00:30]} c5 {[%emt 0:00:30]} 15. dxc6 {[%emt 0:00:30]} Nc5 {[%emt 0:00:30]} 16. Qd2 {[%emt 0:00:30]} bxc6 {[%emt 0:00:30]} 17. f4 {[%emt 0:00:00]} f5 {[%emt 0:02:30]} 18. exf5 {[%emt 0:09:00]} gxf5 {[%emt 0:00:30]} 19. Ne2 {[%emt 0:09:30]} Nxe2+ {[%emt 0:08:30]} 20. Qxe2 {[%emt 0:00:30]} e4 {[%emt 0:01:30]} 21. Bxc5 {[%emt 0:01:30]} dxc5 {[%emt 0:00:30]} 22. Rad1 {[%emt 0:00:00]} Bd4+ {[%emt 0:03:30]} 23. Kh1 {[%emt 0:00:00]} Qf6 {[%emt 0:02:30]} 24. g4 {[%emt 0:00:00]} Kh8 {[%emt 0:02:30]} 25. g5 {[%emt 0:03:00]} Qg7 {[%emt 0:02:37]} 26. b3 {[%emt 0:01:30]} a5 {[%emt 0:00:08]} 27. h4 {[%emt 0:01:30]} a4 {[%emt 0:00:50]} 28. Rb1 {[%emt 0:02:30]} axb3 {[%emt 0:11:06]} 29. Rxb3 {[%emt 0:00:30]} Qc7 {[%emt 0:00:30]} 30. Bh3 {[%emt 0:02:30]} Rab8 {[%emt 0:02:14]} 31. Rxb8 {[%emt 0:00:30]} Qxb8 {[%emt 0:00:30]} 32. h5 {[%emt 0:00:30]} Qa7 {[%emt 0:01:09]} 33. Rb1 {[%emt 0:05:44]} Qc7 {[%emt 0:00:24]} 34. Rf1 {[%emt 0:03:30]} Qf7 {[%emt 0:01:55]} 35. Rb1 {[%emt 0:03:00]} Qc7 {[%emt 0:00:52]} 36. Qh2 {[%emt 0:04:05]} e3 {[%emt 0:00:50]} 37. h6 {[%emt 0:00:56]} Qe7 {[%emt 0:00:35]} 38. Re1 {[%emt 0:04:41]} Bc3 {[%emt 0:00:19]} 39. Re2 {[%emt 0:00:33]} Qe6 {[%emt 0:00:09]} 40. Qg3 {[%emt 0:02:32]} Bd4 {[%emt 0:00:32]} 41. Bg2 {[%emt 0:00:40]} Qxc4 {[%emt 0:00:54]} 42. Rxe3 {[%emt 0:02:19]} 0-1

[Event "26th Troya Open 2018"]
[Site "Canakkale"]
[Date "2018.08.09"]
[Round "6.3"]
[White "Taskaya, Muhammed"]
[Black "Sibashvili, Giorgi"]
[Result "0-1"]
[WhiteElo "2012"]
[BlackElo "2410"]
[Annotator "TA"]
[PlyCount "31"]
[EventDate "2018.08.06"]
[EventType "swiss"]
[EventCountry "TUR"]
[SourceTitle "playchess.com"]
[Source "ChessBase"]
[SourceQuality "1"]

{[%evp 12,31,-40,-37,-43,-43,-42,-54,-58,-78,-72,-71,-91,-114,-100,-151,-138,-133,-91,-91,-100,-913]} 1. e4 c5 2. Nf3 e6 3. d4 cxd4 4. c3 dxc3 5. Nxc3 Nc6 6. Bc4 a6 7. Bf4 {LiveBook: 4 Games. B21: Sicilian: 2 f4 and Morra Gambit} (7. O-O Nge7 8. Bg5 h6 9. Be3 Ng6 10. Nd4 Be7 11. f4 O-O 12. Qh5 Nxd4 13. Bxd4 Qc7 14. Bd3 Nxf4 15. Qg4 Ng6 16. e5 Nxe5 {0-1 (32) Moiseenko,V (2517)-Alekseev,E (2627) Yaroslavl 2018}) 7... b5 8. Bb3 Bb7 9. O-O {Black is slightly better.} Na5 10. Rc1 $146 ({Predecessor:} 10. Re1 Be7 11. Bd6 Nxb3 12. axb3 Qb6 13. e5 Rc8 14. Re3 Bxd6 15. exd6 Nh6 16. Ne5 Nf5 {0-1 (34) Silius,A (2229)-Schmid,W (2225) ICCF email 2015}) 10... Nxb3 11. Qxb3 Nf6 12. Rfd1 Be7 13. Bd6 (13. Ne1 $142) 13... Bxd6 $17 ({Not} 13... Nxe4 14. Nxe4 Bxe4 15. Bc7 $11) 14. Rxd6 Nxe4 15. Nxe4 Bxe4 16. Ne5 $2 {[%mdl 8192]} (16. Qe3 $17 Bxf3 17. Qxf3) 0-1

[Event "26th Troya Open 2018"]
[Site "Canakkale"]
[Date "2018.08.09"]
[Round "6.4"]
[White "Kirilmaz, Emre"]
[Black "Mgeladze, Tamaz"]
[Result "1/2-1/2"]
[WhiteElo "1895"]
[BlackElo "2400"]
[Annotator "NA"]
[PlyCount "60"]
[EventDate "2018.08.06"]
[EventType "swiss"]
[EventCountry "TUR"]
[SourceTitle "playchess.com"]
[Source "ChessBase"]
[SourceQuality "1"]
[TimeControl "5400+30"]

1. d4 Nf6 2. c3 g6 3. Bg5 Bg7 4. Nd2 O-O 5. e4 d6 6. Ngf3 c5 7. dxc5 dxc5 8. Bc4 Nc6 9. O-O Qc7 10. Bh4 Nh5 11. Re1 h6 12. Bb3 {[%emt 0:53:00] [%clk 0:42]} b5 {[%emt 0:44:00]} 13. Qe2 {[%emt 0:01:30]} c4 {[%emt 0:00:30]} 14. Bc2 {[%emt 0:00:30]} Bb7 {[%emt 0:00:30]} 15. e5 {[%emt 0:00:30]} Nf4 {[%emt 0:00:30]} 16. Qe3 {[%emt 0:00:30]} Ne6 $16 {[%emt 0:00:30]} 17. Bg3 {[%emt 0:00:30]} Rfd8 {[%emt 0:00:30]} 18. h4 {[%emt 0:00:30]} Qb6 {[%emt 0:00:30]} 19. Qe2 {[%emt 0:00:30]} Nb8 {[%emt 0:00:30]} 20. h5 {[%emt 0:00:30]} g5 {[%emt 0:00:30]} 21. Nf1 {[%emt 0:00:30]} Nd7 {[%emt 0:00:30]} 22. Ne3 {[%emt 0:00:30]} Ndc5 {[%emt 0:00:30]} 23. Nf5 {[%emt 0:00:30]} Nd3 {[%emt 0:00:30]} 24. Bxd3 {[%emt 0:03:30]} cxd3 {[%emt 0:01:30]} 25. Qe3 {[%emt 0:00:30]} d2 {[%emt 0:05:30]} 26. Red1 {[%emt 0:00:30]} Qxe3 {[%emt 0:00:30]} 27. fxe3 {[%emt 0:00:30]} Kf8 {[%emt 0:02:30]} 28. Nxd2 {[%emt 0:01:30]} Nc5 {[%emt 0:02:30]} 29. Nd4 {[%emt 0:03:30]} Nd3 {[%emt 0:06:30]} 30. Rf1 {[%emt 0:00:30]} Kg8 {[%emt 0:07:30]} 1/2-1/2

[Event "26th Troya Open 2018"]
[Site "Canakkale"]
[Date "2018.08.09"]
[Round "6.6"]
[White "Lomsadze, Davit"]
[Black "Aliyev, Elnur"]
[Result "1/2-1/2"]
[WhiteElo "2352"]
[BlackElo "2190"]
[Annotator "NA"]
[PlyCount "116"]
[EventDate "2018.08.06"]
[EventType "swiss"]
[EventCountry "TUR"]
[SourceTitle "playchess.com"]
[Source "ChessBase"]
[SourceQuality "1"]
[TimeControl "5400+30"]

1. Nf3 (1. g3 Nf6 2. Bg2 d5 3. Nf3 c6 4. d3 Bf5 5. Nh4 Bg4 6. h3 {A07: Réti Opening: New York and Capablanca Systems} Bc8 {LiveBook: 5 Games} (6... Bh5 7. g4 Bg6 8. e3 e6 9. Qe2 Bb4+ 10. Nd2 Nbd7 11. O-O Ng8 12. Nxg6 hxg6 13. f4 {1-0 (35) Kramnik,V (2760)-Tomashevsky,E (2714) Sochi 2014}) 7. Nd2 e5 8. e4 {Predecessor:} Be6 $146 9. Qe2 Nbd7 10. exd5 Bxd5 11. Ndf3 Qc7 12. O-O O-O-O 13. c4 Bxf3 14. Nxf3 {½-½ (40) Stefanova,A (2517)-Kosteniuk,A (2541) Beijing 2014}) 1... d5 2. g3 Nc6 3. Bg2 Bf5 4. c4 e6 {[%emt 0:50:00] [%clk 0:41]} 5. b3 {[%emt 0:45:30]} Nb4 {[%emt 0:01:30]} 6. Na3 {[%emt 0:00:30]} c6 {[%emt 0:00:30]} 7. O-O {[%emt 0:00:30]} Be7 {[%emt 0:00:30]} 8. Bb2 {[%emt 0:00:30]} Bf6 {[%emt 0:00:30]} 9. Qc1 {[%emt 0:00:30]} Bxb2 {[%emt 0:00:30]} 10. Qxb2 {[%emt 0:00:30]} Qf6 {[%emt 0:00:30]} 11. Qc3 {[%emt 0:00:30]} Qxc3 {[%emt 0:00:30]} 12. dxc3 {[%emt 0:00:30]} Nc2 {[%emt 0:00:30]} 13. Nxc2 {[%emt 0:00:30]} Bxc2 {[%emt 0:00:30]} 14. cxd5 {[%emt 0:00:30]} exd5 {[%emt 0:00:30]} 15. Nd4 {[%emt 0:00:30]} Bg6 {[%emt 0:00:30]} 16. c4 {[%emt 0:00:30]} Nf6 {[%emt 0:00:30]} 17. cxd5 {[%emt 0:00:30]} O-O-O {[%emt 0:00:30]} 18. e3 {[%emt 0:08:30]} Nxd5 {[%emt 0:00:30]} 19. Rfc1 {[%emt 0:00:30]} Rhe8 {[%emt 0:02:30]} 20. a3 {[%emt 0:08:30]} Nc7 {[%emt 0:06:30]} 21. b4 {[%emt 0:01:30]} Kb8 {[%emt 0:05:30]} 22. a4 {[%emt 0:02:30]} Be4 {[%emt 0:02:30]} 23. Bxe4 {[%emt 0:01:30]} Rxe4 {[%emt 0:00:30]} 24. Rc4 {[%emt 0:00:30]} Ree8 {[%emt 0:01:30]} 25. b5 {[%emt 0:04:30]} cxb5 {[%emt 0:01:30]} 26. axb5 {[%emt 0:00:00]} Ne6 {[%emt 0:00:00]} 27. Nxe6 {[%emt 0:07:17]} Rxe6 {[%emt 0:01:00]} 28. Rca4 {[%emt 0:00:04]} Rd5 {[%emt 0:00:30]} 29. Rxa7 {[%emt 0:00:22]} Rxb5 {[%emt 0:01:30]} 30. Ra8+ {[%emt 0:00:30]} Kc7 {[%emt 0:00:00]} 31. Rf8 {[%emt 0:00:29]} Rf6 {[%emt 0:02:00]} 32. Ra2 {[%emt 0:00:05]} Kd7 {[%emt 0:00:30]} 33. Rc2 {[%emt 0:00:51]} Ke7 {[%emt 0:00:30]} 34. Rb8 {[%emt 0:00:56]} Rd6 {[%emt 0:00:30]} 35. Kg2 {[%emt 0:00:37]} Rd8 {[%emt 0:01:30]} 36. Rc7+ {[%emt 0:00:35]} Rd7 {[%emt 0:00:00]} 37. Rc4 {[%emt 0:00:02]} Rd2 {[%emt 0:01:00]} 38. Re4+ {[%emt 0:00:44]} Kf6 {[%emt 0:01:30]} 39. Rf4+ {[%emt 0:01:29]} Kg6 {[%emt 0:01:12]} 40. Rg8 {[%emt 0:02:20]} h5 {[%emt 0:00:37]} 41. Rf8 {[%emt 0:00:48]} Rd7 {[%emt 0:00:51]} 42. h4 {[%emt 0:01:58]} Rf5 {[%emt 0:00:49]} 43. Kf3 {[%emt 0:00:05]} Rxf4+ {[%emt 0:01:07]} 44. Kxf4 {[%emt 0:00:05]} Rd6 {[%emt 0:01:14]} 45. e4 {[%emt 0:00:45]} Rb6 {[%emt 0:00:26]} 46. Rh8 {[%emt 0:01:13]} Rb2 {[%emt 0:00:24]} 47. f3 {[%emt 0:00:00]} Rb1 {[%emt 0:01:29]} 48. Rd8 {[%emt 0:04:19]} Kf6 {[%emt 0:01:43]} 49. Rd6+ {[%emt 0:01:24]} Ke7 {[%emt 0:00:57]} 50. Rd5 {[%emt 0:00:02]} g6 {[%emt 0:00:19]} 51. g4 {[%emt 0:00:04]} hxg4 {[%emt 0:00:37]} 52. fxg4 {[%emt 0:00:03]} Kf6 {[%emt 0:04:25]} 53. e5+ {[%emt 0:01:39]} Kg7 {[%emt 0:03:35]} 54. Rd4 {[%emt 0:03:29]} b5 {[%emt 0:01:15]} 55. h5 {[%emt 0:02:48]} gxh5 {[%emt 0:01:12]} 56. gxh5 {[%emt 0:00:04]} b4 {[%emt 0:00:17]} 57. Ke3 {[%emt 0:02:02]} Re1+ {[%emt 0:03:33]} 58. Kf2 {[%emt 0:00:06]} Rxe5 {[%emt 0:02:58]} 1/2-1/2

[Event "26th Troya Open 2018"]
[Site "Canakkale"]
[Date "2018.08.08"]
[Round "6.6"]
[White "Lomsadze, Davit"]
[Black "Aliyev, Elnur"]
[Result "*"]
[WhiteElo "2352"]
[BlackElo "2190"]
[Annotator "TA"]
[PlyCount "21"]
[EventDate "2018.08.06"]
[EventType "swiss"]
[EventCountry "TUR"]
[SourceTitle "playchess.com"]
[Source "ChessBase"]
[SourceQuality "1"]

{[%evp 8,8,27]} 1. Nf3 d5 2. g3 Nc6 3. Bg2 Bf5 (3... e5 4. O-O e4 5. Ne1 Nf6 6. d3 Bf5 7. c3 Qd7 8. Bg5 O-O-O 9. dxe4 dxe4 10. Qxd7+ Rxd7 11. Bxf6 gxf6 12. Nc2 Kb8 {1-0 (41) Petrosian,T (2592)-Sadorra,J (2587) chess.com INT 2017}) 4. c4 e6 {Predecessor:} 5. Qa4 $146 Qd7 6. O-O Be7 7. d3 Nf6 8. b3 Nb4 9. Nc3 Qxa4 10. Nxa4 h6 11. Nd4 {½-½ (24) Popovic,A (2263)-Taskaya,M (2016) Belgrade 2017} *

[Event "26th Troya Open 2018"]
[Site "Canakkale"]
[Date "2018.08.08"]
[Round "6.7"]
[White "Ozen, Bahadir"]
[Black "Can, Melih Kaan"]
[Result "*"]
[WhiteElo "2302"]
[BlackElo "2183"]
[Annotator "TA"]
[PlyCount "27"]
[EventDate "2018.08.06"]
[EventType "swiss"]
[EventCountry "TUR"]
[SourceTitle "playchess.com"]
[Source "ChessBase"]
[SourceQuality "1"]

{[%evp 11,15,18,13,-20,-19,-5]} 1. g3 Nf6 2. Bg2 d5 3. Nf3 c6 4. d3 Bf5 5. Nh4 Bg4 6. h3 {A07: Réti Opening: New York and Capablanca Systems} Bc8 {LiveBook: 5 Games} (6... Bh5 7. g4 Bg6 8. e3 e6 9. Qe2 Bb4+ 10. Nd2 Nbd7 11. O-O Ng8 12. Nxg6 hxg6 13. f4 {1-0 (35) Kramnik,V (2760)-Tomashevsky,E (2714) Sochi 2014}) 7. Nd2 e5 8. e4 {Predecessor:} Be6 $146 9. Qe2 Nbd7 10. exd5 Bxd5 11. Ndf3 Qc7 12. O-O O-O-O 13. c4 Bxf3 14. Nxf3 {½-½ (40) Stefanova,A (2517)-Kosteniuk,A (2541) Beijing 2014} *